The German church struggle and the Holocaust. (Record no. 1794)
[ view plain ]
| 000 -LEADER | |
|---|---|
| fixed length control field | 01169nac a22002771u 4500 |
| 010 ## - LIBRARY OF CONGRESS CONTROL NUMBER | |
| LC control number | 72009352 |
| 020 ## - INTERNATIONAL STANDARD BOOK NUMBER | |
| International Standard Book Number | 0814314929 |
| 082 00 - DEWEY DECIMAL CLASSIFICATION NUMBER | |
| Classification number | 261.70943 |
| Item number | L777 |
| 090 ## - LOCALLY ASSIGNED LC-TYPE CALL NUMBER (OCLC); LOCAL CALL NUMBER (OCLC) | |
| -- | 1794 |
| -- | 1794 |
| 100 ## - MAIN ENTRY--PERSONAL NAME | |
| Personal name | 20080729 |
| 111 2# - MAIN ENTRY--MEETING NAME | |
| Meeting name or jurisdiction name as entry element | International Scholars' Conference, |
| Location of meeting | Wayne State University, |
| Date of meeting | 1970. |
| 245 14 - TITLE STATEMENT | |
| Title | The German church struggle and the Holocaust. |
| Statement of responsibility, etc | Edited by Franklin H. Littell [and] Hubert G. Locke. |
| 260 ## - PUBLICATION, DISTRIBUTION, ETC. (IMPRINT) | |
| Place of publication, distribution, etc | Detroit, |
| Name of publisher, distributor, etc | Wayne State University Press, |
| Date of publication, distribution, etc | 1974. |
| 300 ## - PHYSICAL DESCRIPTION | |
| Extent | 328 p. |
| Dimensions | 24 cm. |
| 500 ## - GENERAL NOTE | |
| General note | Sponsored by the Walker and Gertrude Cisler Library of the Grosberg Religious Center. |
| 500 ## - GENERAL NOTE | |
| General note | Donations |
| 500 ## - GENERAL NOTE | |
| General note | Donations - Dr. Mostafa Gouda |
| 504 ## - BIBLIOGRAPHY, ETC. NOTE | |
| Bibliography, etc | Includes bibliographical references. |
| 650 #0 - SUBJECT ADDED ENTRY--TOPICAL TERM | |
| Topical term or geographic name as entry element | Church and state |
| Geographic subdivision | Germany |
| General subdivision | History |
| Chronological subdivision | 1933-1945 |
| General subdivision | Congresses. |
| 650 #0 - SUBJECT ADDED ENTRY--TOPICAL TERM | |
| Topical term or geographic name as entry element | Holocaust, Jewish (1939-1945) |
| General subdivision | Congresses. |
| 700 1# - ADDED ENTRY--PERSONAL NAME | |
| Personal name | Littell, Franklin Hamlin, |
| 700 1# - ADDED ENTRY--PERSONAL NAME | |
| Personal name | Locke, Hubert G., |
| 710 2# - ADDED ENTRY--CORPORATE NAME | |
| Corporate name or jurisdiction name as entry element | Walker and Gertrude Cisler Library. |
| 942 ## - ADDED ENTRY ELEMENTS (KOHA) | |
| Item type | Book - Borrowing |
| Call number prefix | 261.70943L777 |
| Withdrawn status | Item status | Damaged status | Not for loan | Home library | Current library | Shelving location | Date acquired | Source of acquisition | Total Checkouts | Full call number | Barcode | Date last seen | Koha item type |
|---|---|---|---|---|---|---|---|---|---|---|---|---|---|
| Central Library | Central Library | Lower Floor | 06/12/2014 | Purchase | 261.70943 GER | 000002523 | 15/07/2025 | Book - Borrowing |